000 00686nam a2200181 4500
001 138221
003 ES-MaACL
005 20250929063205.0
007 t|
008 070214s1942 sp r ||||1| spa d
100 1 _aSánchez Tejerina, Isaías,
_d1892-1959
_9102947
245 1 0 _aDerecho penal español /
_cIsaías Sánchez Tejerina.
260 _aMadrid :
_bReus,
_c1942.
300 _a2 v. ;
_c22 cm.
500 _aContiene: v. I: Introducción ; Parte general . La ley penal . El delito . La pena y otras medidas ------- v. II: Parte especial . Los delitos y las faltas en particular, y sus penas.
852 _aES-MaACL
_jB-8542-43
_bR.19977
999 _c138221
_d138221